000 00458nam a2200169 i 4500
001 bg
100 1 _aBRZYKCY, Grażyna
245 0 _aProgramowanie w języku Pascal :
_bmateriały do ćwiczeń /
_cG. Brzykcy, J. Cybulka, B. Puchałka.
260 _aPoznań,
_c1985.
700 1 _aCYBULKA, Jolanta
700 1 _aPUCHAŁKA, Beata
040 _cBPK
041 _apol
080 _a519.682(075.8)
942 _cKS
008 s pl f |000 0 pol
999 _c3179
_d3179
856 _uhttp://koha.tu.koszalin.pl/cgi-bin/koha/opac-detail.pl?biblionumber=3179
_yKatalog online BPK